| 000 | 00670cab a2200241 4500 | ||
|---|---|---|---|
| 001 | X3672 | ||
| 008 | 090401t1996 xxu||||| |||| 00| 0 eng d | ||
| 035 | _a(Sirsi) u32021 | ||
| 041 | _aeng | ||
| 100 | _aMitchell, P. | ||
| 245 | _aStatistical analysis of high-voltage overhead transmission line construction on the value of vacant land | ||
| 260 | _c1996 | ||
| 350 | _a0 | ||
| 490 |
_aValuation (ASA) _v40(1) June 1996, 23-29(7) |
||
| 650 | _aELECTRICITY CABLES | ||
| 650 | _aOVERHEAD TRANSMISSION LINES | ||
| 650 | _aPOWER CABLES | ||
| 650 | _aVACANT LAND | ||
| 690 | _aRATING AND VALUATION | ||
| 700 | _aKinnard, W | ||
| 942 | _n0 | ||
| 948 | _c04/03/1997 | ||
| 999 |
_c21487 _d21487 |
||